| Tag |
First Indicator |
Second Indicator |
Subfields |
| LEADER |
00000cam a2200000 a 4500 |
| 001 |
in00000010205 |
| 005 |
20151006080017.0 |
| 008 |
860313s1986 pau b 00100 eng |
| 010 |
|
|
|a 86007732
|
| 020 |
|
|
|a 0877230439 (pbk.) :
|c $8.95
|
| 035 |
|
|
|a (OCoLC)13361050
|
| 035 |
|
|
|9 AAA2405AM
|
| 040 |
|
|
|a DLC
|c DLC
|d m/c
|d TXA
|d UtOrBLW
|
| 049 |
|
|
|a TXAM
|c [A12615509]
|
| 050 |
0 |
0 |
|a BJ1725
|b .P76 1986
|
| 082 |
0 |
|
|a 174
|2 19
|
| 245 |
0 |
4 |
|a The Professions in ethical context :
|b vocations to justice and love /
|c Francis A. Eigo, editor.
|
| 264 |
|
1 |
|a Villanova, Pa. :
|b Villanova University Press,
|c [1986]
|
| 264 |
|
4 |
|c ©1986
|
| 300 |
|
|
|a xi, 172 pages ;
|c 23 cm.
|
| 336 |
|
|
|a text
|b txt
|2 rdacontent
|
| 337 |
|
|
|a unmediated
|b n
|2 rdamedia
|
| 338 |
|
|
|a volume
|b nc
|2 rdacarrier
|
| 490 |
1 |
|
|a Proceedings of the Theology Institute of Villanova University ;
|v v.18
|
| 504 |
|
|
|a Includes bibliographies and index.
|
| 650 |
|
0 |
|a Professional ethics.
|
| 700 |
1 |
|
|a Eigo, Francis A.
|
| 830 |
|
0 |
|a Proceedings of the Theology Institute of Villanova University ;
|v v.18.
|
| 999 |
|
|
|a MARS
|
| 999 |
f |
f |
|s 93191bd7-f251-35ce-8346-7bb61978fe0e
|i c9ea17d7-5591-30cf-bf26-35f39bdb7cdf
|t 0
|
| 952 |
f |
f |
|p normal
|a Texas A&M University
|b College Station
|c Sterling C. Evans Library
|d Evans: Library Stacks
|t 0
|e BJ1725 .P76 1986
|h Library of Congress classification
|i unmediated -- volume
|m A14812615509
|
| 998 |
f |
f |
|a BJ1725 .P76 1986
|t 0
|l Evans: Library Stacks
|